书目信息 |
| 题名: |
政治常识手册
|
|
| 作者: | ;南京师范学院政教系《政治常识手册》编写组 编写 | |
| 分册: | ||
| 出版信息: | 北京 中国青年出版社 1980 |
|
| 页数: | 220页 | |
| 开本: | 19cm | |
| 丛书名: | ||
| 单 册: | ||
| 中图分类: | D-62 | |
| 科图分类: | ||
| 主题词: | 政治--理论--手册 | |
| 电子资源: | ||
| ISBN: | ||
| 000 | 00740nam0 2200229 45 | |
| 001 | 0180008028 | |
| 005 | 20060922082847.17 | |
| 010 | @dCNY0.44 | |
| 091 | @aCN@b3009.213 | |
| 100 | @a19950405d1980 em y0chiy0121 ea | |
| 101 | 0 | @achi |
| 102 | @aCN@b110000 | |
| 105 | @ay z 000yy | |
| 200 | 10 | @a政治常识手册@Azheng zhi chang shi shou ce@f南京师范学院政教系《政治常识手册》编写组编 |
| 210 | @a北京@c中国青年出版社@d1980 | |
| 215 | @a220页@d19cm | |
| 606 | @a政治@x理论@x手册 | |
| 690 | @aD-62@v3 | |
| 711 | 02 | @a南京师范学院政教系《政治常识手册》编写组@Anan jing shi fan xue yuan zheng jiao xi《 zheng zhi chang shi shou ce》 bian xie zu@4编写 |
| 801 | 2 | @aCN@bNLC@c20060922 |
| 801 | 0 | @aCN@bTSSF@c20060720 |
| 905 | @a10447@dD-62@e2 | |
| 政治常识手册/南京师范学院政教系《政治常识手册》编写组编.-北京:中国青年出版社,1980 |
| 220页;19cm |
| ISBN :CNY0.44 |
| ● |
| 相关链接 |
|
|
|
|
正题名:政治常识手册
索取号:D-62/2
 
预约/预借
| 序号 | 登录号 | 条形码 | 馆藏地/架位号 | 状态 | 备注 |
| 1 | 0424321 | 204243210 | 密集书库/ [索取号:D-62/2] | 在馆 | |
| 2 | 0424748 | 204247485 | 密集书库/ [索取号:D-62/2] | 在馆 | |
| 3 | 0443750 | 204437500 | 密集书库/ [索取号:D-62/2] | 在馆 |